000 00578nam a22001817a 4500
005 20251108164700.0
008 250721s1981 xx 000 0 ara d
082 1 4 _a811.909/هاش
100 1 _aياغي، هاشم
245 1 0 _aالشعر الحديث بين النظرية و التطبيق /
264 1 _aبيروت :
_bالمؤسسة العربية للدراسات و النشر،
_c1981.
300 _a95ص
650 1 7 _aالشعر العربي
650 1 7 _aالتاريخ الأدبي
650 1 7 _aالنقد الأدبي
942 _2ddc
_cBK
999 _c11716
_d11716